20 truyện ngắn đặc sắc về Hà Nội

Salvato in:
Dettagli Bibliografici
Natura: Libro
Lingua:Undetermined
Pubblicazione: Hà Nội Thanh niên 2007
Soggetti:
Tags: Aggiungi Tag
Nessun Tag, puoi essere il primo ad aggiungerne! !
Thư viện lưu trữ: Trung tâm Học liệu Trường Đại học Cần Thơ
LEADER 00593nam a2200181Ia 4500
001 CTU_127919
008 210402s9999 xx 000 0 und d
020 |c 33000 
082 |a 895.922301 
082 |b H103 
245 0 |a 20 truyện ngắn đặc sắc về Hà Nội 
245 0 |c Nguyễn Thái Anh tuyển chọn; Tạ Duy Anh ... [et al.] 
260 |a Hà Nội 
260 |b Thanh niên 
260 |c 2007 
650 |a Short stories, vietnamese,Truyện ngắn Việt Nam 
904 |i Tuyến 
980 |a Trung tâm Học liệu Trường Đại học Cần Thơ